Kereta lumba

Bibliographic Details
Main Author: Graham, Ian
Format: Book
Published: Johor Bahru : Penerbitan Pelangi , 1991
Series:Bagaimana berfungsi
Subjects:

MARC

LEADER 00000cam a2200000 7i4500
001 0000005604
002 000006057
005 20131023.0
020 |a 9838780715 
090 0 0 |a 621.8   |b GRA 
100 1 |a Graham, Ian 
245 1 0 |a Kereta lumba   |c Ian Graham 
260 |a Johor Bahru :   |b Penerbitan Pelangi ,   |c 1991 
300 |a 32p ;   |c 30 cm. 
490 0 |a Bagaimana berfungsi 
650 0 0 |a Sports cars   |x Juvenile literature 
999 |a 021982   |b BUKU   |c JUNIOR BOOKS   |e PERPUSTAKAAN KOMUNITI PETALING JAYA